Normal view
MARC view
- BRE
Entry Corporate Name
001 - CONTROL NUMBER
- control field: 4852
003 - CONTROL NUMBER IDENTIFIER
- control field: SIRSI
005 - DATE AND TIME OF LATEST TRANSACTION
- control field: 20190806150237.0
008 - FIXED-LENGTH DATA ELEMENTS
- fixed length control field: 060109n| aaannaabn |n ana d
040 ## - CATALOGING SOURCE
- Original cataloging agency: OSt
- Transcribing agency: OSt
110 1# - HEADING--CORPORATE NAME
- Corporate name or jurisdiction name as entry element: BRE
- Subordinate unit: construction division
670 ## - SOURCE DATA FOUND
- Source citation: Concrete in aggressive ground, 2005